000 01164nam a2200337 i 4500
001 000048652
003 DO-SdBNP
005 20240927111255.0
007 ta
008 190405s2015 dr 000 0 spa d
020 _a9789945418347
040 _aDO-SdBNP
_bspa
_cBNPHU
_erda
041 _aspa
082 4 _aRD864.44
_bR789i
_222
100 1 _aRosario Candelier, Bruno,
_d1941-
_eautor
_4aut.
_9851
245 1 3 _aEl interiorismo de Bruno Rosario Candelier /
_cBruno Rosario Candelier ; edición, Ramón Antonio Jiménez.
250 _aPrimera edición
264 _aSanto Domingo :
_bAteneo Insular Internacional,
_c2015.
300 _a481 páginas ;
_c25 cm.
336 _atexto
_btxt
_2rdacontent
337 _asin mediación
_bn
_2rdamedia
338 _avolumen
_bnc
_2rdacarrier
490 0 _aPor las amenas liras ;
_v16
500 _aIncluye datos biográficos del autor en la solapa de la cubierta
590 _aInventariado, 2019/VM
650 7 _aEnsayos dominicanos
650 7 _aLiteratura dominicana
_2LEMB
700 1 _aJiménez, Ramón Antonio,
_eedición
_4ed.
_976099
910 _aValidado. Control de calidad MFF
942 _2ddc
_cLBS1
999 _c48140
_d48140